Municipios de la provincia de Soria - Estadísticas

Estadísticas generales
  • Esta prueba ha sido intentada 557 veces
  • La puntuación promedio es 12 de 33
Estadísticas de respuestas
Población Municipio % Correcto
39 398 Soria
97%
4 940 Burgo de Osma
86%
5 489 Almazán
79%
713 Medinaceli
63%
3 005 San Esteban de Gormaz
61%
3 001 Ágreda
57%
855 Vinuesa
52%
3 656 Ólvega
51%
1 680 Covaleda
43%
2 044 San Leonardo de Yague
43%
620 San Pedro Manrique
41%
856 Berlanga de Duero
40%
732 Garray
39%
2 626 Golmayo
39%
1 090 Duruelo de la Sierra
36%
769 Navaleno
36%
297 Abejar
33%
1 469 Arcos de Jalón
33%
310 Gómara
26%
704 Langa de Duero
25%
489 Quintana Redonda
24%
591 Almarza
23%
193 Morón de Almazán
23%
453 Los Rábanos
22%
347 Cabrejas del Pinar
19%
301 Cidones
18%
272 El Royo
16%
266 Santa María de Huerta
16%
228 Almenar de Soria
15%
239 Borobia
10%
214 Deza
10%
288 Matamala de Almazán
8%
431 Tardelcuente
5%
No se encontraron pruebas coincidentes
Distribución de puntuación
Porcentaje de gente con cada puntuación
Porcentaje por número respondido
Historial de tus puntuaciones
No has intentado esta prueba.